000 00949cab a2200265 4500
001 WB3430-08
008 090401t1998 xxu||||| |||| 00| 0 eng d
035 _a(Sirsi) u87815
041 _aeng
245 _aIPD index
260 _c1998
350 _a0
490 _aFinancial Times
_v31 July 1998, 12(1)
520 _aThe latest IPD monthly index shows that the rate of capital growth is continuing to rise. The industrial sector showed the greatest improvement from 0.4% to 0.7%. Graph.
650 _aINDUSTRIAL MARKET
650 _aINVESTMENT MARKET
650 _aINVESTMENT PROPERTY DATABANK
650 _aIPD INDEX
650 _aPROPERTY-COMMERCIAL PROPERTY-OFFICE PROPERTY-OFFICE PROPERTY MARKET
650 _aPROPERTY-COMMERCIAL PROPERTY-RETAIL PROPERTY-RETAIL PROPERTY MARKET
650 _aRETURNS
690 _aPROPERTY-COMMERCIAL PROPERTY-COMMERCIAL PROPERTY FINANCE AND INVESTMENT
942 _n0
948 _c05/08/1998
999 _c55414
_d55414